Statistiche per Elenca la formazione - Quiz n°19

Clicka qui per fare il quiz!

Statistiche generali

  • Questo quiz è stato fatto 44 volte
  • Il punteggio medio è 10 su 11

Statistiche sulle risposte

RuoloNazioneCalciatore% Corretto
DifensoreItaliaGiorgio Chiellini
100%
DifensoreItaliaLeonardo Bonucci
100%
AttaccantePortogalloCristiano Ronaldo
98%
PortierePoloniaWojciech Szczęsny
98%
DifensoreBrasileDanilo
95%
DifensoreColombiaJuan Cuadraro
95%
CentrocampistaStati UnitiWeston McKennie
93%
CentrocampistaUruguayRodrigo Bentancur
85%
AttaccanteSveziaDejan Kulusevski
83%
CentrocampistaItaliaFederico Chiesa
80%
CentrocampistaBrasileArthur
63%

Distribuzione punteggi

Percentile per numero di risposta

Percentuale di utenti per punteggio

I tuoi punteggi nel tempo

Non hai fatto questo quiz